Repairing flooded buildings (Record no. 106217)

MARC details
000 -LEADER
fixed length control field 01778cam a2200313 4500
001 - CONTROL NUMBER
control field L135880
008 - FIXED-LENGTH DATA ELEMENTS--GENERAL INFORMATION
fixed length control field 061214n2006 000 0 eng u
020 ## - INTERNATIONAL STANDARD BOOK NUMBER
International Standard Book Number 1860819036
035 ## - SYSTEM CONTROL NUMBER
System control number (Sirsi) u135880
041 0# - LANGUAGE CODE
Language code of text/sound track or separate title eng
050 04 - LIBRARY OF CONGRESS CALL NUMBER
Classification number 690.24 $2 18
110 2# - MAIN ENTRY--CORPORATE NAME
Corporate name or jurisdiction name as entry element Flood Repair Forum
9 (RLIN) 5114
245 00 - TITLE STATEMENT
Title Repairing flooded buildings
Remainder of title an industry guide to investigation and repair
260 ## - PUBLICATION, DISTRIBUTION, ETC.
Place of publication, distribution, etc. Bracknell
Name of publisher, distributor, etc. BRE Press
Date of publication, distribution, etc. 2006
300 ## - PHYSICAL DESCRIPTION
Extent viii, 100p.
Dimensions 25cm.
350 ## - PRICE (NR) (BK AM CF MU VM SE) [OBSOLETE]
Price 27.50
505 2# - FORMATTED CONTENTS NOTE
Formatted contents note Technical competence of the remediation team -- Managing the customer contact process -- Damage reporting and collecting the 'right' information -- A general guide to drying -- Health and safety in flood damage repair -- Equipment for drying buildings -- Methods of drying buildings -- Monitoring the drying process -- Standards for repairing flooded buildings -- Domestic insurance cover -- Small businesses -- Identifying and managing the flooding risk at a property -- Flood protection and flood mitigation products
520 ## - SUMMARY, ETC.
Summary, etc. Discusses the drying standards, and the clearance and cleaning for a variety of different buildings and policyholder types. Considers the applicable legal standards and discusses the insurance contract, the notification, and conditions and exclusions.
590 ## - LOCAL NOTE (RLIN)
Local note KA
650 24 - SUBJECT ADDED ENTRY--TOPICAL TERM
Topical term or geographic name entry element HEALTH AND SAFETY AT WORK ETC ACT 1974
650 24 - SUBJECT ADDED ENTRY--TOPICAL TERM
Topical term or geographic name entry element MANAGEMENT OF HEALTH AND SAFETY AT WORK REGULATIONS 1999
650 24 - SUBJECT ADDED ENTRY--TOPICAL TERM
Topical term or geographic name entry element CONTROL OF SUBSTANCES HAZARDOUS TO HEALTH REGULATIONS 2002
650 24 - SUBJECT ADDED ENTRY--TOPICAL TERM
Topical term or geographic name entry element PERSONAL PROTECTIVE EQUIPMENT AT WORK REGULATIONS 1992
651 #4 - SUBJECT ADDED ENTRY--GEOGRAPHIC NAME
Geographic name United Kingdom
Chronological subdivision
690 ## - LOCAL SUBJECT ADDED ENTRY--TOPICAL TERM (OCLC, RLIN)
Topical term or geographic name as entry element ENVIRONMENTAL AND LAND CONSULTANCY-WATER RESOURCE MANAGEMENT-FLOODING
690 ## - LOCAL SUBJECT ADDED ENTRY--TOPICAL TERM (OCLC, RLIN)
Topical term or geographic name as entry element MANAGEMENT-BUSINESS MANAGEMENT-INSURANCE
942 ## - ADDED ENTRY ELEMENTS (KOHA)
Suppress in OPAC 0
Holdings
Withdrawn status Lost status Source of classification or shelving scheme Damaged status Not for loan Home library Current library Shelving location Date acquired Cost, normal purchase price Total Checkouts Full call number Barcode Date last seen Date last checked out Copy number Cost, replacement price Price effective from Koha item type
    Dewey Decimal Classification     London London Books 06/02/2007 27.50 8 690.24 FLO 30073599 06/08/2019 20/10/2010 1 27.50 06/08/2019 Book